Pokémon on A - Statistics

General Stats
  • This quiz has been taken 8 times
  • The average score is 30 of 45
Answer Stats
Picture Answer % Correct
Abomasnow
100%
Abra
100%
Absol
100%
Aegislash
100%
Aerodactyl
100%
Aggron
100%
Alakazam
100%
Ampharos
100%
Arcanine
100%
Arceus
100%
Aron
100%
Accelgor
86%
Aipom
86%
Altaria
86%
Ambipom
86%
Arbok
86%
Articuno
86%
Azelf
86%
Azumarill
86%
Alcremie
71%
Alomomola
71%
Appletun
71%
Applin
71%
Archeops
71%
Armaldo
71%
Audino
71%
Axew
71%
Azurill
71%
Amoonguss
57%
Anorith
57%
Ariados
57%
Amaura
43%
Annihilape
43%
Arboliva
43%
Archen
43%
Aurorus
43%
Avalugg
43%
Araquanid
29%
Arctibax
29%
Aromatisse
29%
Archaludon
14%
Arctovish
14%
Arctozolt
14%
Armarouge
14%
Arrokuda
14%
No matching quizzes found
Score Distribution
Percent of People with Each Score
Percentile by Number Answered
Your Score History
You have not taken this quiz